<?xml version="1.0" encoding="UTF-8"?>
<record
    xmlns:xsi="http://www.w3.org/2001/XMLSchema-instance"
    xsi:schemaLocation="http://www.loc.gov/MARC21/slim http://www.loc.gov/standards/marcxml/schema/MARC21slim.xsd"
    xmlns="http://www.loc.gov/MARC21/slim">

  <leader>00418pab a2200157 454500</leader>
  <controlfield tag="008">180718b   xxu||||| |||| 00| 0 eng d</controlfield>
  <datafield tag="100" ind1=" " ind2=" ">
    <subfield code="a">Oldenburg, Philip</subfield>
  </datafield>
  <datafield tag="245" ind1=" " ind2=" ">
    <subfield code="a">Sex ratio, son preference and violence in India: a research note</subfield>
  </datafield>
  <datafield tag="650" ind1=" " ind2=" ">
    <subfield code="a"> Violence</subfield>
  </datafield>
  <datafield tag="650" ind1=" " ind2=" ">
    <subfield code="a"> Son</subfield>
  </datafield>
  <datafield tag="650" ind1=" " ind2=" ">
    <subfield code="a"> Populaiton</subfield>
  </datafield>
  <datafield tag="650" ind1=" " ind2=" ">
    <subfield code="a"> Daughter</subfield>
  </datafield>
  <datafield tag="650" ind1=" " ind2=" ">
    <subfield code="a">Family - India</subfield>
  </datafield>
  <datafield tag="773" ind1=" " ind2=" ">
    <subfield code="a">Economic and Political Weekly</subfield>
  </datafield>
  <datafield tag="909" ind1=" " ind2=" ">
    <subfield code="a">23675</subfield>
  </datafield>
  <datafield tag="999" ind1=" " ind2=" ">
    <subfield code="c">23675</subfield>
    <subfield code="d">23675</subfield>
  </datafield>
  <datafield tag="952" ind1=" " ind2=" ">
    <subfield code="0">0</subfield>
    <subfield code="1">0</subfield>
    <subfield code="4">0</subfield>
    <subfield code="7">0</subfield>
    <subfield code="a">IIPA</subfield>
    <subfield code="b">IIPA</subfield>
    <subfield code="d">2018-07-19</subfield>
    <subfield code="h">Issue no: 27(49&amp;50) 5 Dec.92, P.2657-62</subfield>
    <subfield code="p">AR23744</subfield>
    <subfield code="r">2018-07-19</subfield>
    <subfield code="w">2018-07-19</subfield>
    <subfield code="y">AR</subfield>
  </datafield>
</record>
